00864 am a2200217 a 450000100060000000300080000600500170001400800410003103500200007204000350009204100080012708200260013510000250016124501710018626000470035730000280040465000400043294200120047299900170048495201450050145835BD-RjUL20211209054056.0160728b1938 xxu||||| |||| 00| 0 eng d a(BD-RjUL) 45953 aBD-RjULbengcBD-RjULdBD-RjUL aeng 223a337.094bLIT 1938 aLiepmann, H.9140175 aTariff levels and the economic unity of Europe ; ban examination of tariff policy, export movements and the economic integration of Europe, 1913-1931 /cLiepmann, H. aLondon : bGeorge Allen & unwin Ltd.c1938 a424p. :bill. ;c21 cm. xCommercial policy.zEurope 9140176 2ddccBK c45835d45835 00102ddc40708NFICaRUCLbRUCLcStackd1961-08-26eDr. Anwar Qureshg15.00l0o337.094 LIT 1938r2016-07-28 00:00:00tC-2w2016-07-28yBK